[Event "Titled Tuesday intern op 23rd Jan Late"]
[Site "Chess.com INT"]
[Date "2024.01.23"]
[Round "1"]
[White "Suvorov, Luca"]
[Black "Beerdsen, Thomas"]
[Result "1-0"]
[WhiteElo "2352"]
[BlackElo "2502"]
[PlyCount "53"]
[EventDate "2024.01.23"]
[EventType "swiss (blitz)"]
[EventRounds "11"]
[EventCountry "USA"]
[SourceTitle "CB05_2024"]
[SourceDate "2024.01.31"]
[SourceVersion "1"]
[SourceVersionDate "2024.01.31"]
[SourceQuality "1"]

1. d4 Nf6 2. c4 a6 3. g3 b5 4. Bg2 c6 5. Nc3 bxc4 6. e4 d5 7. e5 Nfd7 8. e6 fxe6 9. Nf3 g6 10. 0-0 Bg7 11. Re1 e5 12. Bh3 e4 13. Ng5 Nf8 14. f3 h6 15. Bxc8 Qxc8 16. fxe4 hxg5 17. exd5 Qh3 18. Qe2 Bxd4+ 19. Kh1 e5 20. dxe6 Ra7 21. Bxg5 Qxg3 22. Ne4 Qc7 23. Rad1 c5 24. Rxd4 Qxh2+ 25. Qxh2 Rxh2+ 26. Kxh2 cxd4 27. Nd6# 1-0

[Event "GER-chT U20"]
[Site "Magdeburg"]
[Date "2023.12.28"]
[Round "3.2"]
[White "Melestean, Timur"]
[Black "Suvorov, Luca"]
[Result "1/2-1/2"]
[WhiteElo "1892"]
[BlackElo "2333"]
[PlyCount "83"]
[EventDate "2023.12.26"]
[EventType "team-swiss"]
[EventRounds "7"]
[EventCountry "GER"]
[SourceTitle "CB03_2024"]
[SourceDate "2024.01.17"]
[SourceVersion "1"]
[SourceVersionDate "2024.01.17"]
[SourceQuality "1"]
[WhiteTeam "Plauen Koenig"]
[BlackTeam "Porz SG"]
[WhiteTeamCountry "GER"]
[BlackTeamCountry "GER"]

1. d4 d5 2. c4 e6 3. Nc3 a6 4. cxd5 exd5 5. Nf3 Be7 6. Bf4 Nf6 7. e3 Nh5 8. Be5 0-0 9. h3 g6 10. Bd3 c6 11. 0-0 Nd7 12. Bh2 Ng7 13. Qc2 Nf6 14. Rab1 Bd6 15. Bxd6 Qxd6 16. b4 Bf5 17. a4 Rfc8 18. Ne5 Nd7 19. Nxd7 Qxd7 20. Rfc1 Kh8 21. Bxf5 Nxf5 22. b5 Nd6 23. Qd3 axb5 24. axb5 Ra3 25. Ra1 Rxa1 26. Rxa1 Nxb5 27. Nxb5 cxb5 28. e4 dxe4 29. Qxe4 Re8 30. Qd3 Qd5 31. Rb1 b4 32. Qf3 Qxf3 33. gxf3 Rd8 34. Rxb4 Rd7 35. Kf1 Kg7 36. Rb6 Kh6 37. Rb5 f5 38. Kg2 Kg5 39. Kg3 Kf6 40. Rb6+ Ke7 41. d5 Rxd5 42. Rxb7+ 1/2-1/2

[Event "Titled Tuesday intern op 02nd May Late"]
[Site "Chess.com INT"]
[Date "2023.05.02"]
[Round "3"]
[White "Ferriz Barrios, Andres"]
[Black "Suvorov, Luca"]
[Result "1-0"]
[WhiteElo "2102"]
[BlackElo "2301"]
[PlyCount "65"]
[EventDate "2023.05.02"]
[EventType "swiss (blitz)"]
[EventRounds "11"]
[EventCountry "USA"]
[SourceTitle "EXT 2024"]
[Source "ChessBase"]
[SourceDate "2023.10.10"]
[SourceVersion "1"]
[SourceVersionDate "2023.10.10"]
[SourceQuality "1"]

1. d4 g6 2. Nf3 Bg7 3. Nc3 d6 4. Bf4 Nc6 5. Qd2 Nf6 6. 0-0-0 Bf5 7. h3 h5 8. Ng5 d5 9. f3 Bh6 10. e4 dxe4 11. fxe4 Bxg5 12. Bxg5 Nxe4 13. Nxe4 Bxe4 14. d5 f6 15. dxc6 fxg5 16. Qe3 Bd5 17. Bc4 bxc6 18. Qxg5 Qd6 19. Bxd5 cxd5 20. Rxd5 Qb6 21. Re1 0-0 22. Qh6 Rae8 23. Rde5 Rf6 24. g4 hxg4 25. hxg4 Qf2 26. Kb1 a5 27. a3 Qf4 28. Rg5 Qd2 29. Rxg6+ Kf7 30. Qxd2 Rxg6 31. Rf1+ Kg7 32. Qd4+ e5 33. Qd7+ 1-0

[Event "Titled Tuesday intern op 02nd May Late"]
[Site "Chess.com INT"]
[Date "2023.05.02"]
[Round "7"]
[White "Suvorov, Luca"]
[Black "Ezat, Mohamed Mahmoud"]
[Result "1-0"]
[WhiteElo "2301"]
[BlackElo "2402"]
[PlyCount "69"]
[EventDate "2023.05.02"]
[EventType "swiss (blitz)"]
[EventRounds "11"]
[EventCountry "USA"]
[SourceTitle "EXT 2024"]
[Source "ChessBase"]
[SourceDate "2023.10.10"]
[SourceVersion "1"]
[SourceVersionDate "2023.10.10"]
[SourceQuality "1"]

1. a3 d5 2. d4 Nf6 3. Nf3 Bf5 4. c4 e6 5. Nc3 c6 6. h3 Bd6 7. Nh4 Bg6 8. Nxg6 hxg6 9. Bg5 Nbd7 10. e3 Qc7 11. f4 Ne4 12. Nxe4 dxe4 13. Qg4 c5 14. d5 e5 15. f5 Qa5+ 16. Kf2 gxf5 17. Qxf5 Rh5 18. Qg4 g6 19. Bh4 Qd2+ 20. Be2 Rf5+ 21. Kg1 Qxe3+ 22. Kh2 Qf4+ 23. Bg3 Qd2 24. Rhf1 Nf6 25. Qh4 Rxf1 26. Rxf1 Ng8 27. Bg4 f5 28. Qh7 0-0-0 29. Bh4 e3 30. Bxd8 e4+ 31. Kh1 e2 32. Bxe2 Qxe2 33. Rg1 f4 34. Qxg8 f3 35. Be7+ 1-0

[Event "Titled Tuesday intern op 02nd May Late"]
[Site "Chess.com INT"]
[Date "2023.05.02"]
[Round "8"]
[White "Suvorov, Luca"]
[Black "Melikyan, Gnel"]
[Result "1-0"]
[WhiteElo "2301"]
[BlackElo "2238"]
[PlyCount "65"]
[EventDate "2023.05.02"]
[EventType "swiss (blitz)"]
[EventRounds "11"]
[EventCountry "USA"]
[SourceTitle "EXT 2024"]
[Source "ChessBase"]
[SourceDate "2023.10.10"]
[SourceVersion "1"]
[SourceVersionDate "2023.10.10"]
[SourceQuality "1"]

1. e4 c6 2. d4 d5 3. e5 Bf5 4. h4 h5 5. Bd3 Bxd3 6. Qxd3 e6 7. Bg5 Be7 8. Nf3 Nd7 9. Nc3 a6 10. Ne2 c5 11. c3 Qb6 12. b3 Rc8 13. 0-0 c4 14. bxc4 Rxc4 15. Nd2 Rc8 16. c4 Bxg5 17. hxg5 Ne7 18. Rab1 Qa7 19. c5 b6 20. cxb6 Nxb6 21. Nf4 g6 22. Nb3 Nc4 23. Nc5 Nxe5 24. Qa3 Nc4 25. Qa4+ Kf8 26. Rb7 Qa8 27. Rxe7 Kxe7 28. Qd7+ Kf8 29. Nxg6+ Kg7 30. Nxh8 Rxh8 31. Nxe6+ Kg8 32. g6 fxe6 33. Qf7# 1-0

[Event "BL2-West 2223"]
[Site "Germany"]
[Date "2023.02.25"]
[Round "7.5"]
[White "Suvorov, Luca"]
[Black "Krejci, Jan1111"]
[Result "0-1"]
[WhiteElo "2302"]
[BlackElo "2514"]
[PlyCount "130"]
[EventDate "2022.10.22"]
[EventType "team-tourn"]
[EventRounds "10"]
[EventCountry "GER"]
[SourceTitle "EXT 2024"]
[Source "ChessBase"]
[SourceDate "2023.10.10"]
[SourceVersion "1"]
[SourceVersionDate "2023.10.10"]
[SourceQuality "1"]
[WhiteTeam "Koeln Porz"]
[BlackTeam "Heimbach Weis/Neuwied"]
[WhiteTeamCountry "GER"]
[BlackTeamCountry "GER"]

1. d4 Nf6 2. c4 e6 3. Nc3 Bb4 4. e3 0-0 5. Bd2 d5 6. Nf3 Nbd7 7. Qb3 c5 8. dxc5 Bxc3 9. Bxc3 Ne4 10. Rd1 Ndxc5 11. Qa3 Nxc3 12. Qxc3 Ne4 13. Qa3 Qf6 14. cxd5 exd5 15. Be2 Bg4 16. 0-0 Rfd8 17. Qb3 Rac8 18. Nd4 Bxe2 19. Nxe2 Qa6 20. Nc3 Nxc3 21. bxc3 Rc4 22. Rd4 Qc6 23. Rd3 h5 24. h3 Re8 25. Rb1 b6 26. Qb5 Re5 27. Qxc6 Rxc6 28. Rb5 g6 29. a4 a5 30. Kf1 Re4 31. Rbxd5 Rxa4 32. Rd6 Rac4 33. Rxc6 Rxc6 34. Ke2 Kf8 35. Rd8+ Ke7 36. Rb8 Kd6 37. Kd3 Kc5 38. Rb7 f5 39. h4 b5 40. Ra7 a4 41. Ra8 Kb6 42. Kc2 Kb7 43. Ra5 Kb6 44. Ra8 Rc4 45. g3 Rc6 46. Kd3 Kc5 47. Ra7 Rd6+ 48. Kc2 Kd5 49. Kd3 Kc6+ 50. Kc2 Kc5 51. Ra8 Kd5 52. Kd3 Ke6+ 53. Ke2 Kd7 54. c4 Kc6 55. f3 Kc5 56. cxb5 Kxb5 57. e4 fxe4 58. fxe4 Ra6 59. Rb8+ Kc4 60. Ke3 a3 61. Rb1 a2 62. Ra1 Kb3 63. e5 Ra4 64. e6 Kb2 65. e7 Ra8 0-1

[Event "Titled Tuesday intern op 17th Jan Late"]
[Site "Chess.com INT"]
[Date "2023.01.17"]
[Round "2"]
[White "Suvorov, Luca"]
[Black "Argandona Riveiro, Inigo"]
[Result "0-1"]
[WhiteElo "2293"]
[BlackElo "2359"]
[PlyCount "78"]
[EventDate "2023.01.17"]
[EventType "swiss (blitz)"]
[EventRounds "11"]
[EventCountry "USA"]
[SourceTitle "CBM 212 Extra"]
[Source "ChessBase"]
[SourceDate "2023.03.31"]
[SourceVersion "1"]
[SourceVersionDate "2023.03.31"]
[SourceQuality "1"]

1. c4 g6 2. d4 Bg7 3. e4 Nc6 4. Ne2 e5 5. d5 Nd4 6. Be3 c5 7. dxc6 dxc6 8. Nbc3 Ne7 9. Qd2 0-0 10. Rd1 Bg4 11. h3 Bf3 12. Qd3 Bxe2 13. Bxe2 Qb6 14. 0-0 Qxb2 15. Rfe1 Rfd8 16. Rb1 Qa3 17. Nd5 Nxe2+ 18. Qxe2 cxd5 19. cxd5 b6 20. Rb3 Qa4 21. f3 Nc8 22. Rc1 Nd6 23. Rc6 Nb5 24. Qxb5 Qxa2 25. Kh2 h5 26. Rbc3 h4 27. Qf1 Qb2 28. Rc7 a5 29. Bc1 Qb4 30. Bg5 Re8 31. Bxh4 a4 32. Be1 a3 33. Rc1 Qb2 34. Bf2 a2 35. Ra1 Bh6 36. Rc4 Bf4+ 37. g3 Be3 38. Kg2 Bxf2 39. Qxf2 Qxa1 0-1

[Event "Titled Tuesday intern op 10th Jan Late"]
[Site "Chess.com INT"]
[Date "2023.01.10"]
[Round "6"]
[White "Injac, Teodora"]
[Black "Suvorov, Luca"]
[Result "1-0"]
[WhiteElo "2383"]
[BlackElo "2293"]
[PlyCount "109"]
[EventDate "2023.01.10"]
[EventType "swiss (blitz)"]
[EventRounds "11"]
[EventCountry "USA"]
[SourceTitle "EXT 2024"]
[Source "ChessBase"]
[SourceDate "2023.10.10"]
[SourceVersion "1"]
[SourceVersionDate "2023.10.10"]
[SourceQuality "1"]

1. d4 Nf6 2. Nf3 d6 3. g3 Nbd7 4. Nc3 g6 5. Bg2 Bg7 6. 0-0 0-0 7. a4 c6 8. e4 e5 9. h3 a5 10. Re1 Re8 11. Be3 exd4 12. Bxd4 Qc7 13. Qd2 Ne5 14. Nh2 Be6 15. b3 c5 16. Nb5 Qb6 17. Bc3 Rad8 18. Bxa5 Qc6 19. Bxd8 Rxd8 20. f4 Ned7 21. Rad1 Ne8 22. e5 Qb6 23. Nxd6 c4+ 24. Qd4 cxb3 25. cxb3 Bxb3 26. Qxb6 Nxb6 27. Rb1 Nxd6 28. Rxb3 Ndc4 29. a5 Na4 30. Rxb7 Bf8 31. Ng4 Bc5+ 32. Kh2 Nxa5 33. Rd7 Rxd7 34. Nf6+ Kg7 35. Nxd7 Nb3 36. Nxc5 Naxc5 37. Bd5 Nd4 38. Ra1 Nce6 39. Ra7 Kg8 40. Kg2 h5 41. h4 Kg7 42. Kf2 Kg8 43. Bxe6 Nxe6 44. Ke3 Ng7 45. Ra8+ Kh7 46. Kf3 Nf5 47. Ra7 Kg8 48. Ra6 Kf8 49. Rf6 Kg7 50. Kg2 Ne3+ 51. Kh3 Ng4 52. Ra6 Ne3 53. e6 f5 54. e7 Kf7 55. Re6 1-0

[Event "Titled Tuesday intern op 03rd Jan Late"]
[Site "Chess.com INT"]
[Date "2023.01.03"]
[Round "1"]
[White "Timmermans, Mark"]
[Black "Suvorov, Luca"]
[Result "1-0"]
[WhiteElo "2392"]
[BlackElo "2293"]
[PlyCount "67"]
[EventDate "2023.01.03"]
[EventType "swiss (blitz)"]
[EventRounds "11"]
[EventCountry "USA"]
[SourceTitle "EXT 2024"]
[Source "ChessBase"]
[SourceDate "2023.10.10"]
[SourceVersion "1"]
[SourceVersionDate "2023.10.10"]
[SourceQuality "1"]

1. e4 c6 2. Nf3 d5 3. exd5 cxd5 4. Ne5 Nf6 5. Bb5+ Nbd7 6. 0-0 a6 7. Nxd7 Bxd7 8. Bxd7+ Qxd7 9. d4 e6 10. Bf4 Bd6 11. Bxd6 Qxd6 12. Nd2 0-0 13. a4 Rac8 14. c3 b5 15. axb5 axb5 16. Nb3 b4 17. Nc5 bxc3 18. bxc3 Ne4 19. Nxe4 dxe4 20. Rc1 Qd5 21. f3 Rc4 22. Qe2 exf3 23. Rxf3 Rfc8 24. Rcf1 f6 25. Qe1 Qc6 26. Re3 Rxc3 27. Rxe6 Qd7 28. Qe4 R3c7 29. h3 Rd8 30. Rf4 Qf7 31. d5 Rcd7 32. Rf5 g6 33. Rfxf6 Qg7 34. Re8+ 1-0